Voos com origem em Teresina (THE) - Statistics

Estatísticas Gerais
  • Esse quiz foi jogado 14 vezes
  • A pontuação média é 6 de 8
Estatísticas das Respostas
Cia aérea Destino % Correto
Gol, LATAM São Paulo-Guarulhos
100%
Azul, LATAM Fortaleza
92%
Azul Belém
77%
Azul Belo Horizonte-Confins
77%
Gol, LATAM Brasília
77%
Azul Recife
77%
Azul, LATAM São Luís
62%
Azul Campinas
54%
Nenhum quiz correspondente encontrado
Distribuição das Pontuações
Porcentagem de Pessoas com Cada Pontuação
Percentil de Números Respondidos
Sua Pontuação Histórica
Você não jogou esse quiz